000
00242nam a2200097Ia 4500
001
662964
005
20250826160203.0
008
250824s9999 xx 000 0 und d
245
0
_a
Kocakafa Nate 3/Kampa Gidiyor
_c
Lincoln Peirce
260
_b
ALTIN
999
_c
662964
_d
662964